Представление документа в формате RUSMARC

ПолеНазваниеЗначение
  Тип записи a
  Библиографический уровень m
001 Контрольный номер UONB/MAIN/1c5d4c13dad44b50a68e7fefe24ce0ce
005 Дата корректировки 20260510113623.5
010 Индекс ISBN __
d Цена 25 к.
9 Тираж 15000 экз.
a ISBN 5-319-00095-2
100 Данные общей обработки __
a Данные общей обработки 20260510d1988 u y0rusy0189## ca
101 Язык документа 0_
a Язык текста rus
102 Страна публикации __
a Страна публикации RU
105 Кодированные данные (монография) __
a Кодированные данные (монография) y z 001yy
200 Заглавие и сведения об ответственности 1_
a Заглавие Социалистическое соревнование
f Первые сведения об ответственности И. А. Стырник
e Сведения, относящиеся к заглавию традиции и современность
203 Вид содержания и тип средства __
a Вид содержания Текст
b Характеристика содержания визуальный
c Тип средства непосредственный
210 Выходные данные 1_
a Место издания Киев
d Дата издания 1988
c Издательство Политиздат Украины
215 Физическое описание __
a Объем 149, [2] с.
d Формат 17 см
320 Библиография __
a Библиография Библиогр. в примеч.: с. 149-150
606 Тематические рубрики 0_
a Основная рубрика Социалистическое соревнование
y Географическая подрубрика УССР
610 Ключевые слова 0_
a Ключевые слова социалистическое соревнование
675 Индекс УДК __
a Индекс УДК 331.01
686 Индексы других классификаций __
a Классификационный индекс 65.9(2)243
2 Код системы rubbk
700 Автор _1
a Фамилия Стырник
b Имя (инициалы) И. А.
g Полное личное имя Инна Александровна
4 Код отношения 070
801 Источник записи _0
a Страна RU
b Организация Ульяновская ОНБ
c Дата составления 20260510
g Правила каталогизации RCR
801 Источник записи _1
a Страна RU
b Организация Ульяновская ОНБ
c Дата составления 20260510
g Правила каталогизации RCR
901 Тип документа __
t Тип документа m
909 Создатель записи __
a Создатель записи Шпак
b Дата создания записи 20260510